शरारत शब्दों की / (Record no. 19386)

MARC details
000 -LEADER
fixed length control field 01107 a2200253 4500
005 - DATE AND TIME OF LATEST TRANSACTION
control field 20081117104836.0
008 - FIXED-LENGTH DATA ELEMENTS--GENERAL INFORMATION
fixed length control field 081117t xxu||||| |||| 00| 0 hin d
010 ## - LCCN (DPL NO)
LC control number HIN-85293
020 ## - INTERNATIONAL STANDARD BOOK NUMBER
International Standard Book Number 9788181662474
Terms of availability 250.00
035 ## - SYSTEM CONTROL NUMBER
System control number HN-57639
037 ## - SOURCE OF ACQUISITION
Source of stock number/acquisition DBAD
040 ## - CATALOGING SOURCE
Original cataloging agency DPL
Language of cataloging HN
082 ## - DEWEY DECIMAL CLASSIFICATION NUMBER
Classification number 808.88
100 ## - MAIN ENTRY--PERSONAL NAME
Personal name खरे, संतोष
245 ## - TITLE STATEMENT
Title शरारत शब्दों की /
Statement of responsibility, etc संतोष खरे
246 ## - VARYING FORM OF TITLE
Title proper/short title Sharaarata shabdon kii
Remainder of title by Santosh Khare
260 ## - PUBLICATION, DISTRIBUTION, ETC. (IMPRINT)
Place of publication, distribution, etc दिल्ली
Name of publisher, distributor, etc मेधा बुक्स
Date of publication, distribution, etc 2008
270 ## - ADDRESS
Address एक्स-11,नवीन शाहदरा
City दिल्ली
Postal code 110032
Telephone number 011-22323672
300 ## - PHYSICAL DESCRIPTION
Extent 205 पृ
Dimensions 22सेमी (सजिल्द)
650 ## - SUBJECT ADDED ENTRY--TOPICAL TERM
Topical term or geographic name as entry element लेख
General subdivision साहित्यिक संग्रह
650 ## - SUBJECT ADDED ENTRY--TOPICAL TERM
Topical term or geographic name as entry element Articles
General subdivision Literary collections
942 ## - ADDED ENTRY ELEMENTS (KOHA)
Institution code [OBSOLETE] dpl
Item type Hindi Books
Source of classification or shelving scheme Dewey Decimal Classification
Call number suffix खरेसं
Classification part 808.88
Holdings
Withdrawn status Lost status Source of classification or shelving scheme Damaged status Not for loan Home library Current library Date acquired Cost, normal purchase price Total Checkouts Full call number Barcode Date last seen Copy number Cost, replacement price Koha item type
    Dewey Decimal Classification   Not For Loan D.B.Act.Division D.B.Act.Division 02/12/2008 250.00   808.88 खरेसं HN-57639 02/12/2008 1 250.00 Hindi Books

© Delhi Public Library
Hit Counter
free hit counter